MINORITY GAMES INTERACTING AGENTS IN FIN (Record no. 31192)

MARC details
000 -LEADER
fixed length control field 00365nam a2200133Ia 4500
008 - FIXED-LENGTH DATA ELEMENTS--GENERAL INFORMATION
fixed length control field 240624s9999 xx 000 0 und d
041 ## - LANGUAGE CODE
Language code of text/sound track or separate title eng
082 ## - DEWEY DECIMAL CLASSIFICATION NUMBER
Classification number 332.6322011 CHA
100 ## - MAIN ENTRY--PERSONAL NAME
Personal name CHALLET DAMIEN
245 ## - TITLE STATEMENT
Title MINORITY GAMES INTERACTING AGENTS IN FIN
260 ## - PUBLICATION, DISTRIBUTION, ETC.
Date of publication, distribution, etc. 2013
Place of publication, distribution, etc. markets
Name of publisher, distributor, etc. Oxford University Press
300 ## - PHYSICAL DESCRIPTION
Extent viii, 344 p,: 23 cm.
365 ## - TRADE PRICE
Currency code BPS
Price amount 38
Holdings
Withdrawn status Lost status Damaged status Not for loan Home library Current library Shelving location Date acquired Full call number Barcode Date last seen Copy number Price effective from Koha item type
        IMTN IMTN Rack 11-A 09/06/2018 332.6322011 CHA 31192 06/24/2024 94.4 06/24/2024 Books
Designed & Maintained by: LRC IMT Nagpur Contact: lrc@imtnag.ac.in© 2024. All Rights Reserved.